Loading...
| Social Science | 0 | 6 | 0 | 2 | 60 | 59 | 90.33 | 0 | 1 | 13.03 | 23.18 |
| History - American | 0 | 3 | 0 | 1 | 30 | 57 | 79.67 | 0 | 1 | 10.30 | 16.00 |
| History - World | 0 | 2 | 0 | 1 | 20 | 93 | 115.50 | 0 | 0 | 2.12 | 6.45 |
| Philosophy | 0 | 2 | 0 | 1 | 20 | 71 | 90.50 | 0 | 1 | 4.89 | 8.91 |
| Literature - American | 0 | 1 | 0 | 0 | 10 | 78 | 78.00 | 0 | 0 | 3.66 | 3.00 |
| Geography | 0 | 1 | 0 | 1 | 10 | 124 | 124.00 | 0 | 0 | 0.00 | 4.55 |
| History - Other | 0 | 1 | 0 | 0 | 10 | 124 | 124.00 | 0 | 0 | 0.00 | 0.91 |
| Science - Chemistry | 0 | 1 | 0 | 0 | 10 | 100 | 100.00 | 0 | 0 | 1.45 | 3.00 |
| Science - Physics | 0 | 1 | 0 | 0 | 10 | 13 | 13.00 | 1 | 1 | 8.89 | 10.00 |
| Science - Biology | 0 | 1 | 0 | 1 | 10 | 118 | 118.00 | 0 | 0 | 0.00 | 0.91 |
| Current Events | 0 | 1 | 1 | 0 | 5 | 52 | 52.00 | 0 | 0 | 19.79 | 10.00 |
| History - European | 0 | 1 | 1 | 0 | 5 | 128 | 128.00 | 0 | 0 | 0.00 | 0.91 |